| 000 | 00560nam a2200205Ia 4500 | ||
|---|---|---|---|
| 003 | GCL | ||
| 008 | 140319s9999 xx 000 0 eng d | ||
| 040 |
_aGCL / _cGCL |
||
| 082 | 0 | 4 |
_a531 _bB C |
| 100 | 1 | _aBARAGER, VERNON | |
| 245 | 1 | 0 |
_aCLASSICAL MECHANICS: A MODERN PERSPECTIVE / _cBARAGER, VERNON |
| 700 | 1 | _aXOLSSON, MARTIN | |
| 700 | 1 | _aOLSSON, MARTIN | |
| 260 |
_a[S.N] : _bMCGRAW-HILL INTERNATIONAL SERIES SOFTWAR ، _c1995 |
||
| 300 | _a418 P | ||
| 650 | 0 | 4 | _aCLASSICAL MECHANICS |
| 650 | 0 | 4 | _aMECHANISM |
| 650 | 0 | 4 | _aTHEORIES |
| 942 |
_2ddc _cBK |
||
| 999 |
_c10627 _d10627 |
||